书目信息 |
| 题名: |
C#物联网程序设计基础
|
|
| 作者: | 胡锦丽 , 唐建清 主编 | |
| 分册: | ||
| 出版信息: | 北京 机械工业出版社 2017.02 |
|
| 页数: | 335页 | |
| 开本: | 26cm | |
| 丛书名: | ||
| 单 册: | ||
| 中图分类: | TP312C , TP393.409 , TP312.8 | |
| 科图分类: | ||
| 主题词: | C语言--程序设计--职业教育--教材 , 互联网络--应用--职业教育--教材 , 智能技术--应用--职业教育--教材 | |
| 电子资源: | ||
| ISBN: | 978-7-111-55602-2 | |
| 000 | 01059nam0 2200289 450 | |
| 001 | 235 | |
| 005 | 20180921143739.56 | |
| 010 | @a978-7-111-55602-2@dCNY55.00 | |
| 100 | @a20170427d2017 em y0chiy50 ea | |
| 101 | 0 | @achi |
| 102 | @aCN@b110000 | |
| 105 | @ay z 000yy | |
| 200 | 1 | @aC#物联网程序设计基础@9C# wu lian wang cheng xu she ji ji chu@f胡锦丽,唐建清主编 |
| 210 | @a北京@c机械工业出版社@d2017.02 | |
| 215 | @a335页@d26cm | |
| 300 | @a职业教育物联网应用技术专业“十三五”规划教材 | |
| 330 | @a本书共8章,包括初识C#编程、C#语法基础、漉程控制、数组与集合、函数、面向对向编程一类和对象、面向对向编程一继承和多态、线程处理,每章都根据教学需要配备了典型的实用案例。 | |
| 606 | 0 | @aC语言@x程序设计@x职业教育@j教材 |
| 606 | 0 | @a互联网络@x应用@x职业教育@j教材 |
| 606 | 0 | @a智能技术@x应用@x职业教育@j教材 |
| 690 | @aTP312C@v5 | |
| 690 | @aTP393.409@v5 | |
| 690 | @aTP312.8@v4 | |
| 701 | 0 | @a胡锦丽@9hu jin li@4主编 |
| 701 | 0 | @a唐建清@9tang jian qing@c(职业教育)@4主编 |
| 801 | 0 | @aCN@b91MARC@c20170427 |
| 905 | @aMuseLib@dTP312.8@e1292 | |
| C#物联网程序设计基础/胡锦丽,唐建清主编.-北京:机械工业出版社,2017.02 |
| 335页;26cm |
| 职业教育物联网应用技术专业“十三五”规划教材 |
| ISBN 978-7-111-55602-2:CNY55.00 |
| 本书共8章,包括初识C#编程、C#语法基础、漉程控制、数组与集合、函数、面向对向编程一类和对象、面向对向编程一继承和多态、线程处理,每章都根据教学需要配备了典型的实用案例。 |
| ● |
| 相关链接 |
|
|
|
|
正题名:C#物联网程序设计基础
索取号:TP312.8/1292
 
预约/预借
| 序号 | 登录号 | 条形码 | 馆藏地/架位号 | 状态 | 备注 |
| 1 | 1118909 | 211189097 | 第二样本阅览室/ [索取号:TP312.8/1292] | 在馆 | |
| 2 | 1118910 | 211189104 | 第三借阅区/ [索取号:TP312.8/1292] | 在馆 | |
| 3 | 1118911 | 211189113 | 第三借阅区/ [索取号:TP312.8/1292] | 在馆 | |
| 4 | 1118912 | 211189122 | 第三借阅区/ [索取号:TP312.8/1292] | 在馆 | |
| 5 | 1118913 | 211189131 | 第三借阅区/ [索取号:TP312.8/1292] | 在馆 |